000 00645nam a22002057a 4500
005 20100818111233.0
010 _aENG-100818
020 _c250.00
035 _aEN-84351
037 _bDBAD/PUB
082 _a363.703
245 _aDictionary of enviromental studies /
260 _aNoida
_bWorld Literature
_c2009
270 _aG-9, Sector-22
_bNoida
300 _a206 p. :
_c22cm (Hb)
_bill
650 _aEnviorement science
_914877
700 _94162
942 _2ddc
_cEN
_h363.703
_mDIC
999 _c42407
_d42407